000 00472nam a22001817a 4500
003 UA-OsUOA
001 8798
007 ta
008 20041003b un ||||| |||| 00| 0 ukr d
100 _aРубльов О.
942 _cSA
040 _aUA-OsUOA
_cUA-OsUOA
_dUA-OsUOA
245 _aВелика " кадрова революція "
300 _aС.6
955 _a0
773 0 _w0
_tУрядовий кур"єр
_dКиїв
_d2004
_gN183
650 7 _a1924-1941 РР.
_2UDC
999 _c294959
_d294959